[Event "6th Heraklion Capablanca 2019"]
[Site "Heraklion"]
[Date "2019.04.29"]
[Round "1.1"]
[White "Demuth, Adrien"]
[Black "Karousos-Theodorakis, Nikolaos"]
[Result "1-0"]
[WhiteElo "2512"]
[BlackElo "2280"]
[Annotator "TA"]
[PlyCount "71"]
[EventDate "2019.04.29"]
[EventType "tourn"]
[EventCountry "GRE"]
[SourceTitle "playchess.com"]
[Source "ChessBase"]
[SourceQuality "1"]

{[%evp 9,71,28,36,15,22,20,53,39,40,-3,44,58,57,47,39,37,34,38,43,40,48,35,104,26,21,0,-11,0,17,-34,22,17,118,118,110,102,97,106,87,70,145,130,200,175,245,243,247,90,95,94,97,126,446,434,747,745,1025,1020,983,984,1706,1684,1519,1300]} 1. e4 c5 2. Nf3 d6 3. d4 cxd4 4. Qxd4 a6 5. h3 Nc6 6. Qe3 {B53: Sicilian: 2...d6: Lines with Qxd4} Nf6 7. c4 e6 8. Nc3 {White is slightly better.} Be7 9. Be2 O-O 10. O-O $1 b6 11. Rd1 Qc7 12. b3 Bb7 13. Ba3 Rfe8 14. Rac1 Bf8 15. Bb2 Ne5 $146 {[#]} (15... h6 $14) ({Predecessor:} 15... Rad8 16. Nd5 Nxd5 17. cxd5 exd5 18. Rxd5 Qe7 19. Qxb6 Qxe4 20. Qxb7 Na5 21. Qxf7+ {1-0 (21) Sjugirov,S (2646)-Massoni,M (2395) Cappelle-la-Grande 2013}) 16. Nd4 ({White should play} 16. Nxe5 $1 $16 {Black must now prevent Ng4.} dxe5 17. Na4) 16... Rad8 $11 17. Kh1 Qb8 18. f4 Ng6 19. Bf3 (19. Rf1 $11) 19... e5 (19... Nh4 $15) 20. Nde2 $36 {[%mdl 2048] White has the initiative.} d5 (20... b5 $11 {keeps the balance.}) 21. Nxd5 $16 Bxd5 22. cxd5 exf4 23. Qd3 Ne5 24. Qd2 Bd6 (24... Nxf3 $14 25. gxf3 Nh5) 25. Nd4 Qb7 (25... Nfd7 $16 {was called for.} 26. Nf5 g6) 26. Nf5 Ng6 (26... Qb8 {might work better.} 27. Bd4 (27. Qxf4 Ng6 $16) 27... Nxf3 28. gxf3 Be5) 27. Nxd6 $18 Rxd6 28. e5 $2 (28. Qb4 $18 {is more deadly.} Qb8 29. Rc6 Rxc6 30. dxc6) 28... Nxe5 $16 29. Bxe5 ({Don't play} 29. Qxf4 $6 Nxf3 30. Qxf3 (30. Qxd6 $2 {loses.} Ne4 $19) 30... Ne4 $11) 29... Rxe5 30. Qxf4 Nd7 $2 {[%mdl 8192]} (30... Qe7 $16 {is tougher.}) 31. Rc6 $18 {White is clearly winning.} Qb8 (31... Rf6 $142 32. Qc4 Nf8 33. Rxf6 gxf6) 32. Rdc1 {aiming for Rc8+.} Rxc6 33. dxc6 Nc5 34. b4 Nd3 35. c7 Qe8 {[#]} 36. Qxe5 $1 {[%mdl 576] Promotion. Accuracy: White = 59%, Black = 46%.} 1-0

[Event "6th Heraklion Capablanca 2019"]
[Site "Heraklion"]
[Date "2019.04.29"]
[Round "1.2"]
[White "Yoo, Christopher Woojin"]
[Black "Anagnostopoulos, Konstantinos"]
[Result "1-0"]
[WhiteElo "2414"]
[BlackElo "2345"]
[Annotator "NA RC"]
[PlyCount "47"]
[EventDate "2019.04.29"]
[EventType "tourn"]
[EventCountry "GRE"]
[SourceTitle "playchess.com"]
[Source "ChessBase"]
[SourceQuality "1"]
[TimeControl "40/5400+30:1800+30"]

1. e4 {[%emt 0:00:00]} e6 {[%emt 0:01:20]} 2. d4 {[%emt 0:00:18]} d5 {[%emt 0:00:09]} 3. Nc3 {[%emt 0:00:07]} Nf6 {[%emt 0:00:15]} 4. Bg5 {[%emt 0:01:07]} dxe4 {[%emt 0:00:43]} 5. Nxe4 {[%emt 0:00:07]} Be7 {[%emt 0:00:13]} 6. Bxf6 {[%emt 0:00:05]} gxf6 {[%emt 0:00:04]} 7. Nf3 {[%emt 0:00:49]} f5 {[%emt 0:00:54]} 8. Nc3 {[%emt 0:00:37]} a6 {[%emt 0:00:12]} 9. Qe2 {[%emt 0:00:50]} b5 {[%emt 0:02:34]} 10. O-O-O {[%emt 0:02:40]} b4 {[%emt 0:01:33]} 11. d5 {[%emt 0:10:41]} bxc3 {[%emt 0:05:07]} 12. dxe6 {[%emt 0:00:11]} Bd6 {[%emt 0:03:17]} 13. exf7+ {[%emt 0:03:43]} Kxf7 {[%emt 0:12:52]} 14. Qc4+ {[%emt 0:19:06]} Be6 {[%emt 0:03:26]} 15. Qxc3 {[%emt 0:00:42]} Bf4+ {[%emt 0:15:07]} 16. Nd2 {[%emt 0:00:06]} Qf6 {[%emt 0:09:10]} 17. Qf3 {[%emt 0:03:45]} Qd4 {[%emt 0:00:59]} 18. g3 {[%emt 0:09:26]} Bh6 {[%emt 0:03:39]} 19. Bd3 {[%emt 0:08:31]} Nd7 {[%emt 0:14:53]} 20. Bxf5 {[%emt 0:03:22]} Rab8 {[%emt 0:03:10]} 21. c3 {[%emt 0:07:21]} Qb6 {[%emt 0:01:28]} 22. Bxe6+ {[%emt 0:01:47]} Kxe6 {[%emt 0:00:03]} 23. Rhe1+ {[%emt 0:03:28]} Ne5 {[%emt 0:01:16]} 24. Rxe5+ {[%emt 0:01:25] Kd5 [%emt 00:00:39]} 1-0

[Event "6th Heraklion Capablanca 2019"]
[Site "Heraklion"]
[Date "2019.04.29"]
[Round "1.3"]
[White "Zarubitski, Viachaslau"]
[Black "Szwed, Jacek"]
[Result "1/2-1/2"]
[WhiteElo "2416"]
[BlackElo "2387"]
[Annotator "NA RC"]
[PlyCount "61"]
[EventDate "2019.04.29"]
[EventType "tourn"]
[EventCountry "GRE"]
[SourceTitle "playchess.com"]
[Source "ChessBase"]
[SourceQuality "1"]
[TimeControl "40/5400+30:1800+30"]

1. e4 {[%emt 0:00:00]} e6 {[%emt 0:00:00]} 2. d4 {[%emt 0:00:00]} d5 {[%emt 0:00:00]} 3. Nc3 {[%emt 0:00:00]} Nf6 {[%emt 0:00:00]} 4. Bg5 {[%emt 0:00:00]} dxe4 {[%emt 0:00:00]} 5. Nxe4 {[%emt 0:00:01]} Nbd7 {[%emt 0:00:00]} 6. Nf3 {[%emt 0:00:08]} h6 {[%emt 0:00:00]} 7. Nxf6+ {[%emt 0:00:05]} Nxf6 {[%emt 0:00:05]} 8. Bh4 {[%emt 0:00:04]} c5 {[%emt 0:00:07]} 9. c3 {[%emt 0:00:03]} Be7 {[%emt 0:00:36]} 10. Bd3 {[%emt 0:19:56]} O-O {[%emt 0:16:41]} 11. Qe2 {[%emt 0:01:06]} cxd4 {[%emt 0:18:09]} 12. Nxd4 {[%emt 0:02:11]} Bd7 {[%emt 0:01:47]} 13. O-O {[%emt 0:01:28]} Qb6 $14 {[%emt 0:13:00]} 14. Rfe1 {[%emt 0:12:15]} Rfe8 {[%emt 0:05:34]} 15. a4 {[%emt 0:12:50]} a5 {[%emt 0:01:23]} 16. Nb5 {[%emt 0:02:05]} Rac8 {[%emt 0:10:20]} 17. Rad1 {[%emt 0:06:36]} Red8 {[%emt 0:10:41]} 18. Bxf6 {[%emt 0:12:01]} Bxf6 {[%emt 0:02:26]} 19. Nd6 {[%emt 0:00:22]} Rc6 {[%emt 0:03:44]} 20. Nc4 {[%emt 0:18:33]} Qc5 {[%emt 0:03:15]} 21. Ne5 {[%emt 0:01:49]} Rd6 {[%emt 0:06:50]} 22. Nxd7 {[%emt 0:01:39]} R6xd7 {[%emt 0:00:48]} 23. g3 {[%emt 0:01:03]} b6 {[%emt 0:01:18]} 24. Bb5 {[%emt 0:04:26]} Rd5 {[%emt 0:00:27]} 25. Qf3 {[%emt 0:01:57]} Rd2 {[%emt 0:03:21]} 26. Rxd2 {[%emt 0:00:59]} Rxd2 {[%emt 0:00:00]} 27. Re2 {[%emt 0:00:13]} Rd1+ {[%emt 0:00:49]} 28. Kg2 {[%emt 0:00:01]} Qd6 {[%emt 0:00:01]} 29. Qa8+ {[%emt 0:00:50]} Kh7 {[%emt 0:01:13]} 30. Qb7 {[%emt 0:00:30]} Qd5+ {[%emt 0:01:36]} 31. Qxd5 {[%emt 0:00:02]} 1/2-1/2

[Event "6th Heraklion Capablanca 2019"]
[Site "Heraklion"]
[Date "2019.04.29"]
[Round "1.4"]
[White "Harff, Marcel"]
[Black "Vaishali R"]
[Result "0-1"]
[WhiteElo "2412"]
[BlackElo "2353"]
[Annotator "TA"]
[PlyCount "42"]
[EventDate "2019.04.29"]
[EventType "tourn"]
[EventCountry "GRE"]
[SourceTitle "playchess.com"]
[Source "ChessBase"]
[SourceQuality "1"]

{[%evp 9,74,13,15,14,16,14,8,4,13,18,55,5,12,4,6,6,28,22,27,20,54,18,21,12,32,-131,-135,-115,-118,-187,-128,-125,-127,-161,-129,-130,-137,-130,-119,-126,-120,-120,-118,-120,-121,-140,-147,-156,-154,-259,-264,-225,-181,-161,-182,-171,-171,-314,-196,-203,-217,-181,-171,-264,-264,-386,-385]} 1. c4 e5 2. g3 Nf6 3. Bg2 c6 4. Nf3 e4 5. Nd4 Qb6 6. Nc2 {A20: English Opening: 1...e5} d5 7. cxd5 (7. O-O dxc4 8. Nc3 Na6 9. d3 exd3 10. exd3 Be7 11. Re1 Be6 12. dxc4 O-O 13. Be3 {½-½ (64) Nakamura,H (2746)-Caruana,F (2832) London 2018}) 7... cxd5 8. Nc3 {The position is equal.} Be7 9. d3 {[%cal Rd3e4]} O-O 10. O-O (10. Be3 $5 {[%cal Re3b6]} Qa6 11. O-O $11 (11. dxe4 dxe4 12. O-O Rd8 $11)) 10... Nc6 11. dxe4 dxe4 12. Ne3 Be6 $146 ({Predecessor:} 12... Rd8 13. Ned5 Nxd5 14. Nxd5 Qc5 15. Bxe4 Be6 16. b4 Nxb4 17. Be3 Rxd5 18. Bxc5 {½-½ (18) Orsteinsson,O (2459)-Rydholm,L (2495) ICCF email 2016}) 13. Ned5 Bxd5 14. Nxd5 Qc5 15. Nc3 Rfd8 16. Qa4 Rd4 17. Be3 $2 {[#]} (17. Qb5 $14 {stays ahead.}) 17... Qxc3 $1 $17 {[%mdl 512]} 18. Bxd4 (18. bxc3 Rxa4) 18... Qxd4 19. Qb5 (19. Qxd4 $17 Nxd4 20. Rfd1) 19... Qb4 (19... Qd7 $19 20. Rfd1 Bd6) 20. Qxb4 Bxb4 21. Rfd1 e3 {Played: Bb4-c5} 0-1

[Event "6th Heraklion Capablanca 2019"]
[Site "Heraklion"]
[Date "2019.04.29"]
[Round "1.5"]
[White "Antic, Dejan"]
[Black "Kelires, Andreas"]
[Result "1/2-1/2"]
[WhiteElo "2471"]
[BlackElo "2508"]
[Annotator "TA"]
[PlyCount "85"]
[EventDate "2019.04.29"]
[EventType "tourn"]
[EventCountry "GRE"]
[SourceTitle "playchess.com"]
[Source "ChessBase"]
[SourceQuality "1"]

{[%evp 17,85,27,43,28,43,33,40,43,41,11,16,16,31,5,14,6,32,0,0,-43,0,0,0,0,0,0,0,0,0,-120,-120,-113,-120,-120,-120,-110,-125,-199,-200,-208,-152,-143,-83,-89,-89,-90,-96,-132,-131,-124,-108,-116,-130,-160,-170,-166,-126,-126,-24,-24,-34,-34,-34,-18,-17,-23,-9,-10,-8,-8]} 1. d4 Nf6 2. Nf3 g6 3. c4 Bg7 4. g3 O-O 5. Bg2 d6 6. Nc3 Nbd7 7. O-O e5 8. e4 b6 9. Re1 Bb7 10. b3 {E68: King's Indian: Fianchetto: 6...Nbd7 7 0-0 e5 8 e4} exd4 11. Nxd4 Re8 12. Bb2 {White is slightly better.} c6 $146 ({Predecessor:} 12... h5 13. Qc2 h4 14. Rad1 hxg3 15. hxg3 a6 16. Bc1 c6 {½-½ (49) Taher,Y (2375)-Demchenko,A (2679) Surakarta 2018}) 13. Qc2 a6 14. Rad1 Qc7 15. h3 b5 16. cxb5 cxb5 17. Qd2 Nc5 $1 {[%cal Rf6e4]} 18. Rc1 {next b4 is good for White.} Qd8 19. f3 Qb6 20. Kh2 Rad8 21. b4 Ncd7 22. f4 Ne5 (22... Qxd4 {seems wilder.} 23. Qxd4 Ng4+ 24. hxg4 Bxd4 25. g5 Nb6) 23. fxe5 (23. Ba1 $1 $11 {keeps the balance.}) 23... dxe5 $17 24. Nd5 Nxd5 25. exd5 exd4 26. Rxe8+ Rxe8 27. Rc5 (27. Re1 $17 Re3 28. Bc1) 27... Qf6 $19 28. Rc7 Ba8 29. Rc1 h5 (29... Qe5 $142 30. Qf2 Bb7) 30. Rd1 $17 {[%cal Rd2d4]} h4 {Threatens to win with ...hxg3+.} 31. Bxd4 Qd6 32. Qg5 {[#]} hxg3+ $1 ({Of course not} 32... Qxb4 $6 33. Qxh4 Re2 34. Bxg7 $15) 33. Qxg3 Qxb4 34. Bxg7 Kxg7 35. a3 Qb2 36. Kg1 Re2 37. Bf1 Qe5 (37... Re7 $17 {Strongly threatening ...Qc2.} 38. Bg2 Qc2) 38. Qxe5+ $11 Rxe5 39. d6 {[#] Hoping for d7.} Re8 40. d7 Rd8 41. Rd6 Bb7 42. h4 $1 Be4 43. Kf2 {Accuracy: White = 53%, Black = 65%.} 1/2-1/2

[Event "6th Heraklion Capablanca 2019"]
[Site "Heraklion"]
[Date "2019.04.30"]
[Round "2.1"]
[White "Karousos-Theodorakis, Nikolaos"]
[Black "Kelires, Andreas"]
[Result "1/2-1/2"]
[WhiteElo "2280"]
[BlackElo "2508"]
[Annotator "RC"]
[PlyCount "70"]
[EventDate "2019.04.29"]
[EventType "tourn"]
[EventCountry "GRE"]
[SourceTitle "playchess.com"]
[Source "ChessBase"]
[SourceQuality "1"]
[TimeControl "40/5400+30:1800+30"]

1. e4 {[%emt 0:00:00]} e5 {[%emt 0:00:00]} 2. Nc3 {[%emt 0:00:00]} Nc6 {[%emt 0:01:28]} 3. g3 {[%emt 0:00:48]} Bc5 {[%emt 0:03:42]} 4. Bg2 {[%emt 0:01:00]} d6 {[%emt 0:01:56]} 5. Nge2 {[%emt 0:04:07]} Nge7 {[%emt 0:08:48]} 6. Na4 {[%emt 0:07:00]} h5 {[%emt 0:06:41]} 7. h4 {[%emt 0:07:59]} a6 {[%emt 0:01:50]} 8. Nxc5 {[%emt 0:01:42]} dxc5 {[%emt 0:00:12]} 9. d3 {[%emt 0:01:27]} Qd6 {[%emt 0:00:42]} 10. Be3 {[%emt 0:03:20]} Be6 {[%emt 0:02:31]} 11. Qd2 {[%emt 0:08:29]} O-O-O {[%emt 0:04:30]} 12. b3 {[%emt 0:03:54]} f6 {[%emt 0:07:00]} 13. f4 {[%emt 0:08:55]} Nd4 {[%emt 0:29:27]} 14. fxe5 {[%emt 0:13:55]} fxe5 {[%emt 0:01:54]} 15. O-O {[%emt 0:03:49]} Ng8 {[%emt 0:05:53]} 16. Bg5 {[%emt 0:02:23]} Re8 {[%emt 0:05:23]} 17. Nxd4 {[%emt 0:04:03]} cxd4 {[%emt 0:00:02]} 18. Kh2 {[%emt 0:00:38]} Nh6 {[%emt 0:01:32]} 19. Bxh6 {[%emt 0:00:45]} Rxh6 {[%emt 0:02:52]} 20. Qg5 {[%emt 0:01:47]} Bg4 {[%emt 0:02:18]} 21. Bh3 {[%emt 0:05:02]} Bxh3 {[%emt 0:02:28]} 22. Kxh3 {[%emt 0:00:05]} Qd7+ {[%emt 0:01:14]} 23. Kg2 {[%emt 0:01:42]} Rc6 {[%emt 0:00:45]} 24. Rac1 {[%emt 0:00:44]} g6 {[%emt 0:01:05]} 25. Rf6 {[%emt 0:01:00]} Rxf6 {[%emt 0:00:04]} 26. Qxf6 {[%emt 0:00:04]} Re6 {[%emt 0:00:04]} 27. Qf8+ {[%emt 0:01:03]} Re8 {[%emt 0:01:45]} 28. Qf6 {[%emt 0:00:13]} Re6 {[%emt 0:00:04]} 29. Qf8+ {[%emt 0:00:04]} Qd8 {[%emt 0:00:39]} 30. Qxd8+ {[%emt 0:03:09]} Kxd8 {[%emt 0:00:05]} 31. Kf3 {[%emt 0:00:04]} Kd7 {[%emt 0:02:40]} 32. Ke2 {[%emt 0:00:30]} Rc6 {[%emt 0:00:20]} 33. Kd2 {[%emt 0:00:05]} Rf6 {[%emt 0:00:04]} 34. Ke2 {[%emt 0:00:05]} Rc6 {[%emt 0:00:07]} 35. Kd2 {[%emt 0:00:04]} Rf6 {[%emt 0:00:08]} 1/2-1/2

[Event "6th Heraklion Capablanca 2019"]
[Site "Heraklion"]
[Date "2019.04.30"]
[Round "2.2"]
[White "Vaishali R"]
[Black "Antic, Dejan"]
[Result "1/2-1/2"]
[WhiteElo "2353"]
[BlackElo "2471"]
[Annotator "RC"]
[PlyCount "40"]
[EventDate "2019.04.29"]
[EventType "tourn"]
[EventCountry "GRE"]
[SourceTitle "playchess.com"]
[Source "ChessBase"]
[SourceQuality "1"]
[TimeControl "40/5400+30:1800+30"]

1. e4 {[%emt 0:00:00]} c5 {[%emt 0:00:00]} 2. Nf3 {[%emt 0:00:00]} Nc6 {[%emt 0:00:00]} 3. Bb5 {[%emt 0:00:06]} d6 {[%emt 0:00:06]} 4. O-O {[%emt 0:01:18]} Bd7 {[%emt 0:00:16]} 5. Re1 {[%emt 0:08:13]} Nf6 {[%emt 0:00:37]} 6. h3 {[%emt 0:00:49]} e6 {[%emt 0:00:22]} 7. c3 {[%emt 0:00:29]} Ne5 {[%emt 0:00:21]} 8. Bxd7+ {[%emt 0:01:23]} Qxd7 {[%emt 0:05:39]} 9. d4 {[%emt 0:02:34]} cxd4 {[%emt 0:01:02]} 10. cxd4 {[%emt 0:00:17]} Nxf3+ {[%emt 0:00:15]} 11. Qxf3 {[%emt 0:00:03]} d5 {[%emt 0:00:22]} 12. e5 {[%emt 0:10:31]} Ng8 {[%emt 0:03:51]} 13. b3 {[%emt 0:02:05]} Rc8 {[%emt 0:02:21]} 14. Ba3 {[%emt 0:07:04]} Bxa3 {[%emt 0:01:43]} 15. Nxa3 {[%emt 0:00:03]} Ne7 {[%emt 0:00:22]} 16. Qd3 {[%emt 0:00:50]} a6 {[%emt 0:03:05]} 17. Rac1 {[%emt 0:01:34]} O-O {[%emt 0:00:34]} 18. Qd2 {[%emt 0:02:34]} Nf5 {[%emt 0:02:23]} 19. Nc2 {[%emt 0:01:46]} Qe7 {[%emt 0:02:11]} 20. Ne3 {[%emt 0:07:48]} Qg5 {[%emt 0:07:46]} 1/2-1/2

[Event "6th Heraklion Capablanca 2019"]
[Site "Heraklion"]
[Date "2019.04.30"]
[Round "2.3"]
[White "Szwed, Jacek"]
[Black "Harff, Marcel"]
[Result "1/2-1/2"]
[WhiteElo "2387"]
[BlackElo "2412"]
[Annotator "NA"]
[PlyCount "89"]
[EventDate "2019.04.29"]
[EventType "tourn"]
[EventCountry "GRE"]
[SourceTitle "playchess.com"]
[Source "ChessBase"]
[SourceQuality "1"]
[TimeControl "40/5400+30:1800+30"]

1. e4 {[%emt 0:00:00]} c5 {[%emt 0:00:00]} 2. Nf3 {[%emt 0:00:03]} Nc6 {[%emt 0:00:00]} 3. d4 {[%emt 0:00:43]} cxd4 {[%emt 0:00:00]} 4. Nxd4 {[%emt 0:00:03]} d5 {[%emt 0:00:20]} 5. Nxc6 {[%emt 0:01:38]} bxc6 {[%emt 0:00:08]} 6. exd5 {[%emt 0:00:09]} Qxd5 {[%emt 0:00:09]} 7. Nc3 {[%emt 0:00:09] B32: Sicilian: Löwenthal and Kalashnikov Variations} Qxd1+ {[%emt 0:00:08]} 8. Nxd1 {[%emt 0:00:07]} e5 {[%emt 0:00:07]} 9. Ne3 {[%emt 0:00:15]} Bd6 $146 {[%emt 0:01:27]} ({Predecessor:} 9... Nf6 10. Nc4 e4 11. Bd2 Bc5 12. b4 Be7 13. Na5 Bd7 14. c4 Ng4 {1-0 (27) Tomczak,J (2562)-Grandadam,N (2307) Katowice 2014}) 10. Nc4 {[%emt 0:04:33]} Bc7 {[%emt 0:00:06]} 11. Be3 {[%emt 0:09:14]} Nf6 {[%emt 0:00:23]} 12. Bc5 {[%emt 0:28:11]} Nd5 {[%emt 0:02:44]} 13. Nd6+ {[%emt 0:03:51]} Bxd6 $1 {[%emt 0:00:08]} 14. Bxd6 {[%emt 0:00:01]} f6 {[%emt 0:03:57]} 15. O-O-O {[%emt 0:05:41]} Bg4 {[%emt 0:03:58]} 16. Rd2 {[%emt 0:12:36]} Kd7 {[%emt 0:01:31]} 17. Bc5 {[%emt 0:00:34]} Kc7 {[%emt 0:00:11]} 18. Ba6 {[%emt 0:09:23]} Rhd8 {[%emt 0:00:47]} 19. f3 {[%emt 0:04:15]} Bc8 {[%emt 0:01:13]} 20. Bxc8 {[%emt 0:02:23]} Rdxc8 {[%emt 0:02:11]} 21. Rhd1 {[%emt 0:00:37]} Kb7 {[%emt 0:00:07]} 22. Rd3 {[%emt 0:02:31]} Rc7 {[%emt 0:00:55]} 23. g3 {[%emt 0:01:44]} Re8 {[%emt 0:00:39]} 24. c4 {[%emt 0:04:57]} Nb6 {[%emt 0:00:08]} 25. b3 {[%emt 0:00:18]} Rcc8 {[%emt 0:06:10]} 26. Rd6 $14 {[%emt 0:02:38]} h5 {[%emt 0:01:38]} 27. Kc2 {[%emt 0:01:47]} Rc7 {[%emt 0:02:14]} 28. Rd8 {[%emt 0:02:39]} Rc8 {[%emt 0:03:05]} 29. Bxb6 {[%emt 0:01:15]} Kxb6 {[%emt 0:00:05]} 30. Rxc8 {[%emt 0:00:27]} Rxc8 {[%emt 0:00:04]} 31. Rd7 {[%emt 0:00:02]} Rc7 {[%emt 0:01:45]} 32. c5+ {[%emt 0:02:10]} Kb7 {[%emt 0:00:14]} 33. Rxc7+ {[%emt 0:00:02]} Kxc7 {[%emt 0:00:07]} 34. g4 {[%emt 0:00:00]} hxg4 {[%emt 0:00:19]} 35. fxg4 {[%emt 0:00:01]} g5 {[%emt 0:01:22]} 36. Kd3 {[%emt 0:01:17]} a5 {[%emt 0:00:32]} 37. a4 {[%emt 0:01:41]} Kd7 {[%emt 0:00:29]} 38. Kc3 {[%emt 0:00:31]} Ke6 {[%emt 0:00:34]} 39. Kc4 {[%emt 0:00:14]} Kd7 {[%emt 0:02:15]} 40. Kd3 {[%emt 0:00:00]} Ke6 {[%emt 0:00:00]} 41. Ke4 {[%emt 0:14:02]} Kd7 {[%emt 0:01:24]} 42. Kd3 {[%emt 0:01:10]} Ke6 {[%emt 0:00:02]} 43. Ke4 {[%emt 0:01:14]} Kd7 {[%emt 0:00:08]} 44. Kd3 {[%emt 0:00:17]} Ke6 {[%emt 0:00:09]} 45. Ke4 {[%emt 0:00:09]} 1/2-1/2

[Event "6th Heraklion Capablanca 2019"]
[Site "Heraklion"]
[Date "2019.04.30"]
[Round "2.4"]
[White "Anagnostopoulos, Konstantinos"]
[Black "Zarubitski, Viachaslau"]
[Result "0-1"]
[WhiteElo "2345"]
[BlackElo "2416"]
[Annotator "NA"]
[PlyCount "72"]
[EventDate "2019.04.29"]
[EventType "tourn"]
[EventCountry "GRE"]
[SourceTitle "playchess.com"]
[Source "ChessBase"]
[SourceQuality "1"]
[TimeControl "40/5400+30:1800+30"]

1. e4 {[%emt 0:00:00]} c6 {[%emt 0:02:46]} 2. d4 {[%emt 0:03:12]} d5 {[%emt 0:00:26]} 3. f3 {[%emt 0:02:20]} g6 {[%emt 0:03:22]} 4. Nc3 {[%emt 0:03:35]} Bg7 {[%emt 0:00:35]} 5. Be3 {[%emt 0:00:43]} dxe4 {[%emt 0:09:53]} 6. fxe4 {[%emt 0:04:06]} Nf6 {[%emt 0:00:23]} 7. Be2 {[%emt 0:01:07]} Qb6 {[%emt 0:15:15]} 8. e5 {[%emt 0:08:54]} Nd5 $11 {[%emt 0:00:50]} 9. Nxd5 {[%emt 0:00:10]} cxd5 {[%emt 0:00:06]} 10. Qc1 {[%emt 0:15:14]} Bd7 {[%emt 0:03:42]} 11. Bf3 {[%emt 0:05:46]} Nc6 {[%emt 0:05:36]} 12. Ne2 {[%emt 0:01:28]} e6 {[%emt 0:02:04]} 13. O-O {[%emt 0:02:02]} Na5 {[%emt 0:01:43]} 14. b3 {[%emt 0:03:07]} Rc8 {[%emt 0:00:54]} 15. c4 {[%emt 0:05:46]} dxc4 {[%emt 0:06:01]} 16. d5 {[%emt 0:03:37]} Qb4 {[%emt 0:03:30]} 17. a3 {[%emt 0:05:19]} Qe7 {[%emt 0:03:52]} 18. Qc3 {[%emt 0:05:23]} Nxb3 {[%emt 0:00:17]} 19. d6 {[%emt 0:01:30]} Qd8 {[%emt 0:01:45]} 20. Rad1 {[%emt 0:02:42]} Qa5 {[%emt 0:09:10]} 21. Bxb7 {[%emt 0:01:23]} Rb8 {[%emt 0:01:21]} 22. Qxa5 {[%emt 0:06:33]} Nxa5 {[%emt 0:00:02]} 23. Bf3 {[%emt 0:00:32]} Bxe5 {[%emt 0:01:25]} 24. Bxa7 {[%emt 0:00:17]} Rb2 {[%emt 0:03:41]} 25. Bc5 {[%emt 0:03:07]} O-O {[%emt 0:07:45]} 26. Bb4 {[%emt 0:00:09]} Nc6 {[%emt 0:00:40]} 27. Bc3 {[%emt 0:00:43]} Rxe2 {[%emt 0:02:28]} 28. Bxe2 {[%emt 0:00:05]} Bxc3 {[%emt 0:00:01]} 29. Bxc4 {[%emt 0:00:07]} Ne5 {[%emt 0:01:32]} 30. Be2 {[%emt 0:00:35]} Ra8 {[%emt 0:00:59]} 31. Rb1 {[%emt 0:00:50]} Rxa3 {[%emt 0:01:00]} 32. h3 {[%emt 0:00:43]} Kg7 {[%emt 0:02:23]} 33. Kh2 {[%emt 0:00:23]} Ra2 {[%emt 0:02:15]} 34. Bb5 {[%emt 0:00:05]} Rd2 {[%emt 0:00:47]} 35. Rfc1 {[%emt 0:01:04]} Bb2 {[%emt 0:00:23]} 36. Rc5 {[%emt 0:00:14]} Ba3 {[%emt 0:00:19]} 0-1

[Event "6th Heraklion Capablanca 2019"]
[Site "Heraklion"]
[Date "2019.04.30"]
[Round "2.5"]
[White "Demuth, Adrien"]
[Black "Yoo, Christopher Woojin"]
[Result "0-1"]
[WhiteElo "2512"]
[BlackElo "2414"]
[Annotator "TA"]
[PlyCount "82"]
[EventDate "2019.04.29"]
[EventType "tourn"]
[EventCountry "GRE"]
[SourceTitle "playchess.com"]
[Source "ChessBase"]
[SourceQuality "1"]

{[%evp 9,82,-8,0,0,0,-8,20,-59,-57,-62,-57,-67,-69,-72,-72,-160,-164,-143,-97,-79,-83,-91,-89,-92,-110,-90,-62,-143,-135,-146,-141,-165,-136,-147,-81,-97,-94,-79,-81,-62,-14,-17,-19,-27,-16,-32,-35,-282,-271,-580,-594,-595,-595,-595,-595,-595,-595,-595,-595,-595,-579,-579,-579,-579,-579,-579,-579,-1035,-719,-1035,-1008,-913,-908,-842,-815]} 1. d4 Nf6 2. Bf4 g6 3. Nc3 d5 4. e3 Bg7 5. h4 h5 (5... c6 6. Be2 h5 7. Nf3 Bg4 8. Ne5 Bxe2 9. Qxe2 Nbd7 10. O-O-O Rc8 11. f3 {0-1 (60) Nabaty,T (2692)-Rodshtein,M (2674) Czech Republic 2019}) 6. Nf3 {A45: Trompowsky Attack} O-O 7. Qd2 c5 8. dxc5 (8. Ne5 $11) 8... Nbd7 $146 {[%cal Bb8d7,Bd7c5,Bc5a4,Ba4b2][%mdl 32]} ({Predecessor:} 8... Qa5 9. Nb5 Qxd2+ 10. Nxd2 Na6 11. Nb3 {½-½ (43) Prie,E (2482)-Haessel,D (2155) Bled 2018}) 9. O-O-O Nxc5 10. Ng5 Bf5 11. f3 $1 Rc8 {Strongly threatening ...Qa5.} 12. Be5 {[#]} ({Better is} 12. e4 dxe4 13. Qxd8 Rcxd8 14. Rxd8 Rxd8 15. Be3) 12... Qa5 $1 $17 13. Kb1 Na4 14. Bd3 {[#]} Nxb2 $1 {[%mdl 512]} 15. Nxd5 (15. Kxb2 Ne4) 15... Qxd5 16. Bxb2 {Black must now prevent e4.} Bxd3 17. Qxd3 Qa5 18. e4 (18. Qa3 $1 $15 Qxa3 19. Bxa3) 18... Rc5 {Threatens to win with ...Rb5.} 19. Qa3 Qc7 20. Qb3 Ne8 21. Bxg7 Kxg7 (21... Nxg7 $142 22. Rd2 Rc3) 22. Rd5 Rxd5 23. Qxd5 Kg8 24. e5 e6 25. Qd4 Ng7 26. g4 Rd8 27. Qf4 f5 $36 {[%mdl 2048] Black has some pressure.} 28. Re1 $2 (28. gxf5 $15 gxf5 29. Qe3) 28... Qc3 $19 29. Qe3 $2 {[#]} (29. Qc1 {nothing else works.} Rd5 30. a3) 29... Rd1+ $1 {[%mdl 576] Deflection. Black is clearly winning.} 30. Rxd1 {Threatening mate with Rd8+.} Qxe3 31. Rd8+ {[#]} Ne8 $1 {[%mdl 64] Clearance} 32. Rxe8+ {[%mdl 4096] Endgame KQ-KRN} Kg7 33. Re7+ Kf8 34. Rxe6 fxg4 35. fxg4 hxg4 36. Rxg6 {and the idea Nh7+ leaves White hopeful.} Qe1+ 37. Kb2 {Now Nh7+ and White clings on.} Qxe5+ 38. c3 g3 39. h5 Qe2+ {[%mdl 64] Double Attack} 40. Ka3 Qxh5 41. Ne6+ Kf7 {Accuracy: White = 46%, Black = 76%.} 0-1